[Event "International Tournament"]
[Site "Thivon"]
[Date "2016.08.27"]
[Round "3.12"]
[White "Gazis, Efstathios"]
[Black "Nemtsas, Hristoforos"]
[Result "1-0"]
[BlackElo "1884"]
[WhiteElo "2286"]
[LiveChessVersion "1.4.8"]

1. e4 {[%clk 1:27:03]} c5 {[%clk 1:30:57]} 2. Nf3 {[%clk 1:27:26]} d6
{[%clk 1:31:21]} 3. d4 {[%clk 1:27:51]} Nf6 {[%clk 1:31:48]} 4. dxc5
{[%clk 1:28:04]} Qa5+ {[%clk 1:32:08]} 5. c3 {[%clk 1:28:10]} Qxc5
{[%clk 1:31:55]} 6. Bd3 {[%clk 1:28:33]} Bg4 {[%clk 1:28:46]} 7. Be3
{[%clk 1:28:33]} Qc7 {[%clk 1:29:14]} 8. h3 {[%clk 1:28:14]} Bh5 {[%clk 1:26:36]}
9. Qa4+ {[%clk 1:24:44]} Nfd7 {[%clk 1:13:40]} 10. Nd4 {[%clk 1:17:28]} Nc6
{[%clk 1:11:11]} 11. Nxc6 {[%clk 1:14:56]} bxc6 {[%clk 1:10:33]} 12. f4
{[%clk 1:12:58]} f6 {[%clk 1:04:50]} 13. Nd2 {[%clk 1:12:37]} e5 {[%clk 1:00:54]}
14. O-O {[%clk 1:02:53]} exf4 {[%clk 0:55:31]} 15. Bxf4 {[%clk 1:01:04]} Ne5
{[%clk 0:50:49]} 16. Bc4 {[%clk 0:52:56]} Bf7 {[%clk 0:39:36]} 17. Bd5
{[%clk 0:48:03]} Qd7 {[%clk 0:31:41]} 18. Bxf7+ {[%clk 0:46:10]} Kxf7
{[%clk 0:29:58]} 19. Bxe5 {[%clk 0:43:24]} dxe5 {[%clk 0:30:17]} 20. Rad1
{[%clk 0:43:47]} Bc5+ {[%clk 0:28:20]} 21. Kh1 {[%clk 0:44:08]} Qe6
{[%clk 0:28:47]} 22. Nf3 {[%clk 0:42:48]} h6 {[%clk 0:26:30]} 23. Nxe5+
{[%clk 0:38:47]} Qxe5 {[%clk 0:24:17]} 24. Rf5 {[%clk 0:38:53]} Qe7
{[%clk 0:16:54]} 25. Qc4+ {[%clk 0:39:07]} Kg6 {[%clk 0:17:18]} 26. Rxc5
{[%clk 0:38:33]} Rhd8 {[%clk 0:16:12]} 27. Re1 {[%clk 0:38:45]} Rd2
{[%clk 0:13:10]} 28. e5 {[%clk 0:38:37]} Kh7 {[%clk 0:05:00]} 29. b4
{[%clk 0:37:12]} Rad8 {[%clk 0:03:24]} 30. Qe4+ {[%clk 0:36:22]} Kh8
{[%clk 0:02:36]} 31. Rxc6 {[%clk 0:34:17]} fxe5 {[%clk 0:01:36]} 32. a4
{[%clk 0:33:37]} Ra2 {[%clk 0:00:50]} 33. Qc4 {[%clk 0:32:09]} Rf2
{[%clk 0:00:34]} 34. Rc8 {[%clk 0:31:25]} Rxc8 {[%clk 0:00:40]} 35. Qxc8+
{[%clk 0:31:49]} Kh7 {[%clk 0:00:56]} 36. Qg4 {[%clk 0:31:36]} Qf6
{[%clk 0:00:32]} 37. Qe4+ {[%clk 0:31:11]} Kg8 {[%clk 0:00:34]} 38. a5
{[%clk 0:31:17]} Rf1+ {[%clk 0:00:42]} 39. Rxf1 {[%clk 0:31:34]} Qxf1+
{[%clk 0:01:10]} 40. Kh2 {[%clk 0:46:55]} Qb5 {[%clk 0:15:32]} 41. Kg3
{[%clk 0:46:13]} a6 {[%clk 0:14:47]} 42. Kg4 {[%clk 0:41:56]} Qd7+
{[%clk 0:14:03]} 43. Kg3 {[%clk 0:42:03]} Qb5 {[%clk 0:14:28]} 44. Kf2
{[%clk 0:42:27]} Kf7 {[%clk 0:12:02]} 45. Ke3 {[%clk 0:36:43]} Kf6
{[%clk 0:08:05]} 46. Kd2 {[%clk 0:36:59]} Kf7 {[%clk 0:07:01]} 47. h4
{[%clk 0:37:03]} g6 {[%clk 0:06:10]} 48. Kc2 {[%clk 0:36:29]} Qa4+
{[%clk 0:04:37]} 49. Kb2 {[%clk 0:36:41]} Qb5 {[%clk 0:01:31]} 50. Kb3
{[%clk 0:36:56]} Qd7 {[%clk 0:00:33]} 51. Kc2 {[%clk 0:36:33]} Qa4+
{[%clk 0:00:48]} 52. Kb2 {[%clk 0:36:49]} Qb5 {[%clk 0:00:54]} 53. h5
{[%clk 0:37:13]} gxh5 {[%clk 0:00:47]} 54. Kb3 {[%clk 0:37:37]} Kf6
{[%clk 0:00:37]} 55. c4 {[%clk 0:36:10]} Qd7 {[%clk 0:00:57]} 56. Qf3+
{[%clk 0:35:18]} Kg5 {[%clk 0:00:59]} 57. Qd5 {[%clk 0:33:26]} Qf5
{[%clk 0:00:54]} 58. Qd2+ {[%clk 0:32:00]} Kg4 {[%clk 0:00:43]} 59. b5
{[%clk 0:31:54]} axb5 {[%clk 0:00:33]} 60. cxb5 {[%clk 0:32:14]} Qb1+
{[%clk 0:00:39]} 61. Kc4 {[%clk 0:31:22]} Qf1+ {[%clk 0:00:56]} 62. Kc5
{[%clk 0:31:35]} Qf8+ {[%clk 0:00:35]} 63. Qd6 {[%clk 0:30:57]} Qf2+
{[%clk 0:00:42]} 64. Kd5 {[%clk 0:29:27]} Qxg2+ {[%clk 0:00:42]} 65. Kc5
{[%clk 0:26:11]} Qf2+ {[%clk 0:00:45]} 66. Kc6 {[%clk 0:26:26]} Qf3+
{[%clk 0:00:35]} 67. Kb6 {[%clk 0:26:09]} h4 {[%clk 0:00:33]} 68. Qg6+
{[%clk 0:25:54]} Kh3 {[%clk 0:00:37]} 69. a6 {[%clk 0:25:45]} Qe3+
{[%clk 0:00:35]} 70. Kb7 {[%clk 0:26:02]} Qf3+ {[%clk 0:00:33]} 71. Qc6
{[%clk 0:26:00]} Qf7+ {[%clk 0:00:38]} 72. Kb8 {[%clk 0:26:19]} Qf8+
{[%clk 0:00:44]} 73. Qc8+ {[%clk 0:26:37]} Qxc8+ {[%clk 0:00:38]} 74. Kxc8
{[%clk 0:26:58]} Kg3 {[%clk 0:00:39]} 75. a7 {[%clk 0:27:22]} h3 {[%clk 0:00:40]}
76. a8=Q {[%clk 0:27:43]} h2 {[%clk 0:00:47]} 77. b6 {[%clk 0:27:55]} 1-0

[Event "International Tournament"]
[Site "Thivon"]
[Date "2016.08.28"]
[Round "4.1"]
[White "Nikolaidis, Ioannis"]
[Black "Sirigos, Nikolaos"]
[Result "1/2-1/2"]
[BlackElo "2199"]
[WhiteElo "2558"]
[LiveChessVersion "1.4.8"]

1. c4 {[%clk 1:29:57]} Nf6 {[%clk 1:29:11]} 2. Nc3 {[%clk 1:30:16]} d5
{[%clk 1:29:23]} 3. cxd5 {[%clk 1:29:48]} Nxd5 {[%clk 1:29:46]} 4. Nf3
{[%clk 1:28:51]} g6 {[%clk 1:29:51]} 5. Qb3 {[%clk 1:29:02]} Nb6 {[%clk 1:29:43]}
6. d4 {[%clk 1:29:19]} Bg7 {[%clk 1:29:54]} 7. Bf4 {[%clk 1:27:40]} O-O
{[%clk 1:28:37]} 8. Rd1 {[%clk 1:24:52]} Nc6 {[%clk 1:25:35]} 9. e3
{[%clk 1:19:38]} a5 {[%clk 1:13:28]} 10. a3 {[%clk 1:18:40]} Bf5 {[%clk 1:10:57]}
11. Be2 {[%clk 1:13:30]} a4 {[%clk 1:09:58]} 12. Qa2 {[%clk 1:08:40]} Bc2
{[%clk 1:09:16]} 13. Rc1 {[%clk 1:07:55]} Bb3 {[%clk 1:09:36]} 14. Qb1
{[%clk 1:07:41]} Nc4 {[%clk 1:00:34]} 15. Ne4 {[%clk 1:01:22]} N4a5
{[%clk 0:50:23]} 16. O-O {[%clk 0:55:01]} Bd5 {[%clk 0:46:15]} 17. Nc3
{[%clk 0:47:50]} Bxf3 {[%clk 0:43:00]} 18. Bxf3 {[%clk 0:46:27]} e5
{[%clk 0:43:22]} 19. dxe5 {[%clk 0:43:37]} Nxe5 {[%clk 0:43:35]} 20. Be2
{[%clk 0:40:57]} Nb3 {[%clk 0:33:56]} 21. Rcd1 {[%clk 0:40:54]} Qe7
{[%clk 0:31:15]} 22. Qc2 {[%clk 0:36:43]} Qe6 {[%clk 0:26:35]} 23. Nb5
{[%clk 0:23:38]} Rfc8 {[%clk 0:21:20]} 24. Qe4 {[%clk 0:22:20]} Nc5
{[%clk 0:16:49]} 25. Qc2 {[%clk 0:20:27]} b6 {[%clk 0:16:38]} 26. e4
{[%clk 0:16:14]} Qc6 {[%clk 0:08:46]} 27. Nc3 {[%clk 0:15:29]} Qe6
{[%clk 0:07:20]} 28. Be3 {[%clk 0:12:49]} Nb3 {[%clk 0:07:15]} 29. Nb5
{[%clk 0:09:17]} c6 {[%clk 0:06:04]} 30. Nd4 {[%clk 0:08:21]} Nxd4
{[%clk 0:06:28]} 31. Rxd4 {[%clk 0:06:30]} b5 {[%clk 0:05:28]} 32. f4
{[%clk 0:03:34]} Ng4 {[%clk 0:05:14]} 33. Bxg4 {[%clk 0:03:58]} Qxg4
{[%clk 0:05:33]} 34. e5 {[%clk 0:04:05]} Qe6 {[%clk 0:04:36]} 35. Rd6
{[%clk 0:04:02]} Qe8 {[%clk 0:05:00]} 36. Bc5 {[%clk 0:03:49]} Bf8
{[%clk 0:04:46]} 37. Rd2 {[%clk 0:04:00]} Rd8 {[%clk 0:04:11]} 38. Rfd1
{[%clk 0:03:33]} Rxd2 {[%clk 0:04:02]} 39. Rxd2 {[%clk 0:03:58]} Rd8
{[%clk 0:04:00]} 40. Bxf8 {[%clk 0:18:44]} Qxf8 {[%clk 0:19:11]} 41. Kf2 1/2-1/2

[Event "International Tournament"]
[Site "Thivon"]
[Date "2016.08.28"]
[Round "4.2"]
[White "Kourkoulos-Arditis, Stamatis"]
[Black "Drakoulakos, Grigorios"]
[Result "1/2-1/2"]
[BlackElo "2195"]
[WhiteElo "2369"]
[LiveChessVersion "1.4.8"]

1. Nf3 {[%clk 1:30:57]} Nf6 {[%clk 1:30:04]} 2. c4 {[%clk 1:31:18]} e6
{[%clk 1:28:20]} 3. g3 {[%clk 1:31:44]} b6 {[%clk 1:27:38]} 4. Bg2
{[%clk 1:32:08]} Bb7 {[%clk 1:28:04]} 5. O-O {[%clk 1:32:32]} c5 {[%clk 1:28:07]}
6. Nc3 {[%clk 1:32:58]} Be7 {[%clk 1:27:50]} 7. Re1 {[%clk 1:33:22]} O-O
{[%clk 1:27:41]} 8. e4 {[%clk 1:33:44]} d6 {[%clk 1:27:43]} 9. d4
{[%clk 1:34:09]} cxd4 {[%clk 1:27:50]} 10. Nxd4 {[%clk 1:34:34]} Qc8
{[%clk 1:24:22]} 11. b3 {[%clk 1:34:51]} a6 {[%clk 1:16:37]} 12. Ba3
{[%clk 1:35:07]} Nbd7 {[%clk 1:10:17]} 13. Rc1 {[%clk 1:35:06]} Nc5
{[%clk 1:08:25]} 14. Qe2 {[%clk 1:35:21]} Rd8 {[%clk 1:06:12]} 15. Red1
{[%clk 1:26:36]} Qc7 {[%clk 1:04:22]} 16. b4 {[%clk 1:25:16]} Ncd7
{[%clk 1:04:06]} 17. Nd5 {[%clk 1:25:23]} exd5 {[%clk 0:58:25]} 18. cxd5
{[%clk 1:25:47]} Qb8 {[%clk 0:47:19]} 19. Nc6 {[%clk 1:24:25]} Bxc6
{[%clk 0:47:42]} 20. dxc6 {[%clk 1:24:51]} Ra7 {[%clk 0:41:16]} 21. cxd7
{[%clk 1:25:11]} Nxd7 {[%clk 0:40:22]} 22. f4 {[%clk 1:16:07]} Bf8
{[%clk 0:26:25]} 23. Bb2 {[%clk 1:09:00]} Re8 {[%clk 0:25:51]} 24. Qg4
{[%clk 1:06:46]} Rc7 {[%clk 0:24:54]} 25. e5 {[%clk 1:03:55]} Rxc1
{[%clk 0:19:10]} 26. Rxc1 {[%clk 1:03:49]} Qa7 {[%clk 0:19:17]} 27. Bc6
{[%clk 0:58:17]} b5+ {[%clk 0:18:45]} 28. Kg2 {[%clk 0:57:16]} Rd8
{[%clk 0:18:41]} 29. e6 {[%clk 0:55:57]} Qe3 {[%clk 0:15:44]} 30. exf7+
{[%clk 0:56:17]} Kh8 {[%clk 0:16:06]} 31. Rc2 {[%clk 0:56:03]} Qe7
{[%clk 0:14:55]} 32. Bxd7 {[%clk 0:53:15]} Qe4+ {[%clk 0:14:42]} 33. Kh3
{[%clk 0:53:39]} Qxc2 {[%clk 0:15:05]} 34. Bf5 {[%clk 0:45:44]} Qxb2
{[%clk 0:10:20]} 35. Qh4 {[%clk 0:46:06]} g6 {[%clk 0:10:33]} 36. Qxd8
{[%clk 0:46:29]} Kg7 {[%clk 0:10:33]} 37. Be6 {[%clk 0:41:40]} Qe2
{[%clk 0:09:22]} 38. f5 {[%clk 0:41:43]} Qh5+ {[%clk 0:03:51]} 39. Qh4
{[%clk 0:42:05]} Qe2 {[%clk 0:01:54]} 40. Qd4+ {[%clk 0:55:28]} Kh6
{[%clk 0:16:38]} 41. Bd5 {[%clk 0:40:25]} Qf1+ {[%clk 0:13:16]} 42. Bg2
{[%clk 0:40:50]} Qxf5+ {[%clk 0:13:33]} 43. g4 {[%clk 0:41:15]} Qg5
{[%clk 0:12:30]} 44. Kg3 {[%clk 0:41:31]} Qe5+ {[%clk 0:07:21]} 45. Qxe5
{[%clk 0:41:42]} dxe5 {[%clk 0:07:50]} 46. a3 {[%clk 0:41:37]} Kg7
{[%clk 0:06:03]} 47. Bd5 {[%clk 0:41:43]} Bd6 {[%clk 0:04:41]} 48. Kf3
{[%clk 0:41:13]} Bc7 {[%clk 0:04:44]} 49. Ke4 {[%clk 0:41:19]} a5
{[%clk 0:04:46]} 50. bxa5 {[%clk 0:41:37]} Bxa5 {[%clk 0:05:11]} 51. Kxe5
{[%clk 0:41:58]} Bc3+ {[%clk 0:05:26]} 52. Ke6 {[%clk 0:41:15]} Bb2
{[%clk 0:05:49]} 53. Bc6 {[%clk 0:41:23]} Bxa3 {[%clk 0:06:14]} 54. Bxb5
{[%clk 0:41:50]} Bb4 {[%clk 0:06:34]} 55. h4 {[%clk 0:42:02]} Ba3
{[%clk 0:06:51]} 56. h5 {[%clk 0:42:04]} gxh5 {[%clk 0:07:14]} 57. gxh5
{[%clk 0:42:29]} h6 {[%clk 0:07:41]} 1/2-1/2

[Event "International Tournament"]
[Site "Thivon"]
[Date "2016.08.28"]
[Round "4.3"]
[White "Loutragotis, Dimitrios"]
[Black "Stathopoulos, Ioannis"]
[Result "0-1"]
[BlackElo "2343"]
[WhiteElo "2157"]
[LiveChessVersion "1.4.8"]

1. e4 {[%clk 1:30:56]} c5 {[%clk 1:30:36]} 2. Nf3 {[%clk 1:30:07]} d6
{[%clk 1:31:01]} 3. Nc3 {[%clk 1:30:11]} a6 {[%clk 1:31:04]} 4. d4
{[%clk 1:29:59]} cxd4 {[%clk 1:31:32]} 5. Nxd4 {[%clk 1:30:21]} Nf6
{[%clk 1:31:59]} 6. h3 {[%clk 1:30:27]} e5 {[%clk 1:31:55]} 7. Nde2
{[%clk 1:30:51]} h5 {[%clk 1:31:59]} 8. Bg5 {[%clk 1:31:13]} Be6 {[%clk 1:32:24]}
9. Bxf6 {[%clk 1:29:42]} Qxf6 {[%clk 1:32:46]} 10. Nd5 {[%clk 1:30:03]} Qd8
{[%clk 1:33:10]} 11. Nec3 {[%clk 1:30:17]} Nc6 {[%clk 1:33:35]} 12. Qd3
{[%clk 1:24:31]} g6 {[%clk 1:33:30]} 13. O-O-O {[%clk 1:21:16]} Bh6+
{[%clk 1:32:56]} 14. Kb1 {[%clk 1:21:15]} Rc8 {[%clk 1:30:20]} 15. g3
{[%clk 1:10:09]} O-O {[%clk 1:29:20]} 16. f4 {[%clk 0:55:12]} Nd4
{[%clk 1:28:32]} 17. Rd2 {[%clk 0:40:58]} Bxd5 {[%clk 1:08:41]} 18. Nxd5
{[%clk 0:40:28]} Ne6 {[%clk 1:09:06]} 19. Rf2 {[%clk 0:34:26]} h4
{[%clk 1:09:17]} 20. fxe5 {[%clk 0:17:14]} Qg5 {[%clk 1:05:40]} 21. Be2
{[%clk 0:11:10]} Nc5 {[%clk 0:56:30]} 22. Qf3 {[%clk 0:09:00]} hxg3
{[%clk 0:56:00]} 23. Rg2 {[%clk 0:07:57]} Qxe5 {[%clk 0:56:03]} 24. Nf6+
{[%clk 0:03:31]} Kg7 {[%clk 0:53:09]} 25. Ng4 {[%clk 0:03:30]} Qxe4
{[%clk 0:48:17]} 26. Qf6+ {[%clk 0:03:06]} Kh7 {[%clk 0:48:42]} 27. Qh4
{[%clk 0:02:44]} Qf4 {[%clk 0:49:09]} 28. Rf1 {[%clk 0:02:58]} Qg5
{[%clk 0:49:26]} 29. Qxg3 {[%clk 0:02:53]} Ne4 {[%clk 0:49:36]} 30. Qe1
{[%clk 0:01:23]} Nd2+ {[%clk 0:49:43]} 31. Ka1 {[%clk 0:01:49]} Nxf1
{[%clk 0:50:05]} 32. Qxf1 {[%clk 0:02:10]} Rxc2 {[%clk 0:50:02]} 0-1

[Event "International Tournament"]
[Site "Thivon"]
[Date "2016.08.28"]
[Round "4.4"]
[White "Kouskoutis, Georgios-Alexandro"]
[Black "Vlassis, Georgios"]
[Result "1-0"]
[BlackElo "1962"]
[WhiteElo "2241"]
[LiveChessVersion "1.4.8"]

1. e4 {[%clk 1:30:56]} e5 {[%clk 1:30:54]} 2. Nf3 {[%clk 1:31:18]} Nf6
{[%clk 1:31:16]} 3. Nxe5 {[%clk 1:31:32]} d6 {[%clk 1:31:40]} 4. Nf3
{[%clk 1:31:57]} Nxe4 {[%clk 1:32:04]} 5. Nc3 {[%clk 1:32:15]} Nxc3
{[%clk 1:32:26]} 6. dxc3 {[%clk 1:32:42]} Be7 {[%clk 1:32:46]} 7. Bf4
{[%clk 1:32:30]} Nc6 {[%clk 1:31:38]} 8. Qd2 {[%clk 1:32:34]} Be6
{[%clk 1:31:14]} 9. O-O-O {[%clk 1:32:18]} Qd7 {[%clk 1:28:02]} 10. Kb1
{[%clk 1:31:50]} Bf6 {[%clk 1:24:41]} 11. a3 {[%clk 1:11:27]} h6 {[%clk 1:14:22]}
12. h4 {[%clk 1:07:10]} O-O-O {[%clk 1:13:18]} 13. Be2 {[%clk 0:58:17]} Kb8
{[%clk 1:08:46]} 14. Rhe1 {[%clk 0:53:26]} Rhe8 {[%clk 1:02:03]} 15. g3
{[%clk 0:47:31]} Bg4 {[%clk 0:52:32]} 16. Be3 {[%clk 0:43:05]} Qf5
{[%clk 0:48:33]} 17. Nd4 {[%clk 0:42:11]} Nxd4 {[%clk 0:48:28]} 18. Bxg4
{[%clk 0:37:07]} Qxg4 {[%clk 0:48:41]} 19. Bxd4 {[%clk 0:37:20]} Bxd4
{[%clk 0:48:27]} 20. Qxd4 {[%clk 0:35:53]} Qxd4 {[%clk 0:48:25]} 21. cxd4
{[%clk 0:32:49]} Kc8 {[%clk 0:48:36]} 22. Kc1 {[%clk 0:32:48]} Kd7
{[%clk 0:46:54]} 23. Kd2 {[%clk 0:33:10]} Rxe1 {[%clk 0:46:32]} 24. Rxe1
{[%clk 0:33:36]} Re8 {[%clk 0:46:55]} 25. Rxe8 {[%clk 0:33:08]} Kxe8
{[%clk 0:47:19]} 26. Ke3 {[%clk 0:33:24]} Ke7 {[%clk 0:46:18]} 27. Ke4
{[%clk 0:31:45]} Kf6 {[%clk 0:43:39]} 28. g4 {[%clk 0:31:45]} Ke6
{[%clk 0:41:23]} 29. d5+ {[%clk 0:28:59]} Ke7 {[%clk 0:41:19]} 30. a4
{[%clk 0:24:15]} a6 {[%clk 0:31:20]} 31. b4 {[%clk 0:23:33]} Kf6 {[%clk 0:18:47]}
32. f3 {[%clk 0:15:54]} Ke7 {[%clk 0:16:29]} 33. a5 {[%clk 0:12:41]} Kf6
{[%clk 0:15:58]} 34. c4 {[%clk 0:12:25]} Ke7 {[%clk 0:16:14]} 35. f4
{[%clk 0:06:36]} g6 {[%clk 0:11:05]} 36. c5 {[%clk 0:02:17]} f6 {[%clk 0:04:27]}
37. c6 {[%clk 0:01:26]} b5 {[%clk 0:01:18]} 38. axb6 {[%clk 0:01:35]} cxb6
{[%clk 0:01:47]} 39. h5 {[%clk 0:01:39]} gxh5 {[%clk 0:01:17]} 40. gxh5
{[%clk 0:17:07]} Kd8 {[%clk 0:16:08]} 41. Kf5 {[%clk 0:15:32]} Ke7
{[%clk 0:13:23]} 42. c7 {[%clk 0:07:41]} Kd7 {[%clk 0:13:46]} 43. Kxf6
{[%clk 0:07:00]} a5 {[%clk 0:14:07]} 44. bxa5 {[%clk 0:07:21]} bxa5
{[%clk 0:14:35]} 45. Kg6 {[%clk 0:06:47]} a4 {[%clk 0:15:01]} 46. f5
{[%clk 0:07:14]} a3 {[%clk 0:15:26]} 47. f6 {[%clk 0:07:18]} a2 {[%clk 0:11:20]}
48. f7 {[%clk 0:07:41]} a1=Q {[%clk 0:11:48]} 49. c8=Q+ {[%clk 0:08:04]} Kxc8
{[%clk 0:11:24]} 50. f8=Q+ {[%clk 0:08:26]} Kd7 {[%clk 0:11:23]} 51. Qg7+
{[%clk 0:08:51]} Qxg7+ {[%clk 0:11:34]} 52. Kxg7 {[%clk 0:09:17]} Ke7
{[%clk 0:12:00]} 53. Kg6 {[%clk 0:09:40]} Kd8 1-0

[Event "International Tournament"]
[Site "Thivon"]
[Date "2016.08.28"]
[Round "4.5"]
[White "Grigoriadis, Alexandros"]
[Black "Simeonidis, Ioannis"]
[Result "0-1"]
[BlackElo "2226"]
[WhiteElo "2147"]
[LiveChessVersion "1.4.8"]

1. Nf3 {[%clk 1:09:16]} d5 {[%clk 1:30:23]} 2. d4 {[%clk 1:09:32]} Nf6
{[%clk 1:30:39]} 3. c4 {[%clk 1:03:58]} e6 {[%clk 1:31:01]} 4. g3
{[%clk 1:04:07]} Bb4+ {[%clk 1:31:22]} 5. Bd2 {[%clk 1:04:11]} Bd6
{[%clk 1:31:40]} 6. Bg2 {[%clk 1:03:53]} O-O {[%clk 1:31:44]} 7. O-O
{[%clk 1:03:45]} Nbd7 {[%clk 1:31:54]} 8. c5 {[%clk 0:58:39]} Be7
{[%clk 1:32:14]} 9. Nc3 {[%clk 0:59:05]} c6 {[%clk 1:32:37]} 10. Qc2
{[%clk 0:57:36]} b6 {[%clk 1:32:55]} 11. b4 {[%clk 0:57:56]} Ba6 {[%clk 1:33:05]}
12. Rfe1 {[%clk 0:57:11]} Qc8 {[%clk 1:21:36]} 13. Rac1 {[%clk 0:50:53]} Re8
{[%clk 1:12:57]} 14. e4 {[%clk 0:46:07]} dxe4 {[%clk 1:09:23]} 15. Nxe4
{[%clk 0:46:31]} Nxe4 {[%clk 1:06:44]} 16. Rxe4 {[%clk 0:45:12]} Nf6
{[%clk 0:58:27]} 17. Ree1 {[%clk 0:37:29]} Nd5 {[%clk 0:56:35]} 18. cxb6
{[%clk 0:27:39]} axb6 {[%clk 0:43:25]} 19. Ne5 {[%clk 0:26:06]} Bb5
{[%clk 0:42:22]} 20. Nxc6 {[%clk 0:17:46]} Bxc6 {[%clk 0:41:45]} 21. Qxc6
{[%clk 0:15:48]} Qxc6 {[%clk 0:42:03]} 22. Rxc6 {[%clk 0:16:05]} Rxa2
{[%clk 0:42:20]} 23. Bxd5 {[%clk 0:12:07]} Rxd2 {[%clk 0:42:11]} 24. Rxb6
{[%clk 0:12:23]} Bf6 {[%clk 0:37:13]} 25. Bc6 {[%clk 0:07:20]} Bxd4
{[%clk 0:30:43]} 26. Rf1 {[%clk 0:07:42]} Bxb6 {[%clk 0:28:25]} 27. Bxe8
{[%clk 0:08:06]} Kf8 {[%clk 0:28:39]} 28. Bc6 {[%clk 0:08:10]} g5
{[%clk 0:28:38]} 29. h3 {[%clk 0:07:55]} h5 {[%clk 0:25:39]} 30. Bf3
{[%clk 0:05:03]} h4 {[%clk 0:22:52]} 31. gxh4 {[%clk 0:05:12]} gxh4
{[%clk 0:23:15]} 32. b5 {[%clk 0:04:50]} f5 {[%clk 0:22:27]} 33. Bb7
{[%clk 0:04:36]} Ke7 {[%clk 0:22:35]} 34. Kg2 {[%clk 0:04:39]} Kf6
{[%clk 0:20:44]} 35. Ba8 {[%clk 0:03:35]} Rb2 {[%clk 0:20:38]} 36. Bc6
{[%clk 0:03:52]} e5 {[%clk 0:20:43]} 37. Be8 {[%clk 0:03:03]} Kg5
{[%clk 0:19:52]} 38. Bd7 {[%clk 0:03:07]} Kf4 {[%clk 0:19:57]} 39. Be8
{[%clk 0:03:20]} e4 {[%clk 0:20:11]} 40. Bc6 {[%clk 0:17:17]} Rd2
{[%clk 0:28:46]} 41. Be8 {[%clk 0:16:32]} Ke5 {[%clk 0:22:09]} 42. Bh5
{[%clk 0:11:31]} Rb2 {[%clk 0:22:16]} 43. Be8 {[%clk 0:10:44]} f4
{[%clk 0:21:39]} 44. Bh5 {[%clk 0:08:57]} Rb3 {[%clk 0:19:31]} 45. Re1
{[%clk 0:04:40]} f3+ {[%clk 0:19:39]} 46. Kg1 {[%clk 0:04:37]} Rb2
{[%clk 0:19:50]} 47. Rf1 {[%clk 0:04:55]} Rxb5 {[%clk 0:19:26]} 48. Bg4
{[%clk 0:03:55]} Rb2 {[%clk 0:19:45]} 49. Bh5 {[%clk 0:03:45]} Re2
{[%clk 0:12:24]} 50. Bg4 {[%clk 0:04:00]} Bd4 {[%clk 0:11:44]} 51. Bh5
{[%clk 0:04:20]} Kd5 {[%clk 0:11:48]} 52. Bg4 {[%clk 0:04:14]} Kc5
{[%clk 0:12:05]} 53. Bc8 {[%clk 0:03:49]} Kb4 {[%clk 0:12:00]} 54. Ba6
{[%clk 0:04:01]} Ra2 {[%clk 0:12:02]} 55. Bb7 {[%clk 0:04:17]} Re2
{[%clk 0:10:24]} 56. Ba6 {[%clk 0:04:24]} Kc3 {[%clk 0:10:41]} 57. Bb7
{[%clk 0:04:39]} Kd2 {[%clk 0:10:49]} 58. Bc6 {[%clk 0:04:46]} Bxf2+
{[%clk 0:09:43]} 0-1

[Event "International Tournament"]
[Site "Thivon"]
[Date "2016.08.28"]
[Round "4.6"]
[White "Kofidis, Andreas"]
[Black "Papadopoulos, Georgios"]
[Result "1-0"]
[BlackElo "2169"]
[WhiteElo "2406"]
[LiveChessVersion "1.4.8"]

1. e4 {[%clk 1:30:23]} c5 {[%clk 1:11:46]} 2. Nf3 {[%clk 1:29:24]} e6
{[%clk 1:11:15]} 3. d4 {[%clk 1:29:46]} cxd4 {[%clk 1:11:38]} 4. Nxd4
{[%clk 1:30:14]} Nc6 {[%clk 1:12:00]} 5. Nxc6 {[%clk 1:30:31]} bxc6
{[%clk 1:12:12]} 6. Bd3 {[%clk 1:30:57]} Nf6 {[%clk 1:12:08]} 7. O-O
{[%clk 1:30:45]} d5 {[%clk 1:10:57]} 8. Nc3 {[%clk 1:31:02]} Qc7 {[%clk 1:10:00]}
9. Qe2 {[%clk 1:30:29]} Be7 {[%clk 1:07:55]} 10. Re1 {[%clk 1:28:24]} O-O
{[%clk 1:05:06]} 11. Bd2 {[%clk 1:25:10]} Bb7 {[%clk 0:57:46]} 12. b3
{[%clk 1:20:03]} Rfe8 {[%clk 0:54:45]} 13. e5 {[%clk 1:18:13]} Nd7
{[%clk 0:54:31]} 14. Na4 {[%clk 1:17:43]} f6 {[%clk 0:31:37]} 15. f4
{[%clk 1:08:18]} fxe5 {[%clk 0:25:47]} 16. fxe5 {[%clk 1:08:19]} Nc5
{[%clk 0:25:23]} 17. Nxc5 {[%clk 1:07:53]} Bxc5+ {[%clk 0:25:47]} 18. Kh1
{[%clk 0:57:05]} Rf8 {[%clk 0:24:06]} 19. Qh5 {[%clk 0:56:20]} g6
{[%clk 0:23:54]} 20. Qg4 {[%clk 0:56:36]} Rae8 {[%clk 0:22:26]} 21. h4
{[%clk 0:55:47]} Bf2 {[%clk 0:17:43]} 22. Re2 {[%clk 0:55:12]} Qb6
{[%clk 0:16:38]} 23. Bxg6 {[%clk 0:43:20]} hxg6 {[%clk 0:14:09]} 24. Qxg6+
{[%clk 0:43:42]} Kh8 {[%clk 0:14:36]} 25. Bh6 {[%clk 0:37:35]} Qc7
{[%clk 0:05:45]} 26. Bxf8 {[%clk 0:31:09]} Rxf8 {[%clk 0:05:21]} 27. Rf1
{[%clk 0:31:14]} Bc5 {[%clk 0:04:07]} 28. Qh6+ {[%clk 0:31:22]} Kg8
{[%clk 0:04:27]} 29. Qxe6+ {[%clk 0:31:22]} Kh8 {[%clk 0:04:08]} 30. Rf6
{[%clk 0:27:53]} Rxf6 {[%clk 0:02:16]} 31. exf6 {[%clk 0:27:46]} Qg3
{[%clk 0:01:54]} 32. Qe8+ {[%clk 0:27:48]} Kh7 {[%clk 0:02:07]} 33. Qh5+
{[%clk 0:27:31]} Kg8 {[%clk 0:02:31]} 34. Re8+ {[%clk 0:27:27]} Bf8
{[%clk 0:02:52]} 35. Re5 {[%clk 0:26:56]} 1-0